| 000 | 00978nam a2200289 i 4500 | ||
|---|---|---|---|
| 001 | 183055 | ||
| 003 | ES-MaACL | ||
| 005 | 20250728043250.0 | ||
| 008 | 140114s2013 sp | |||||||| | spa d | ||
| 020 | _a978-84-15216-69-8 | ||
| 080 | _a338.124"2008/..." | ||
| 080 | _a329(460) | ||
| 080 | _a32(460)"2011/..." | ||
| 080 | _a321.7 | ||
| 100 | 1 |
_aMonereo, Manuel. _982169 |
|
| 245 | 1 | 0 |
_aDe la crisis a la revolución democrática / _cManolo Monereo ; [prólogo de Julio Anguita]. |
| 260 |
_a[Mataró] : _bEl Viejo Topo, _cD.L. 2013. |
||
| 300 |
_a178 p. ; _c22 cm. |
||
| 610 | 2 | 7 |
_aIzquierda Unida (España) _95325 |
| 650 | 7 |
_aDemocracia _2embne _911574 |
|
| 650 | 0 |
_aCrisis económicas- 2008 _9236570 |
|
| 651 | 7 |
_aEspaña- _xPolítica y gobierno- _y2011- _2 _9154170 |
|
| 700 | 1 |
_aAnguita González, Julio, _d1941-2020 _921771 |
|
| 852 |
_aES-MaACL _jA-13001 _9189989 _bR.149871 _cDEPO1 _dOlim: N-6001 |
||
| 942 |
_2udc _cMONOGRAFIA |
||
| 999 |
_c183055 _d183055 |
||